000 00706nam a2200253Ia 4500
003 GCL
005 20240530102049.0
008 140319s9999 xx 000 0 ara d
040 _aGCL /
_cGCL
082 0 4 _a953
_bا ى
100 1 _aاحمد امين
245 1 0 _aيوم الاسلام /
_cاحمد امين
260 _aالقاهرة :
_bمكتبة النهضة المصرية
300 _a246 ص ؛
_c24 سم
650 0 4 _aالاسلام
650 0 4 _aالهجرة
650 0 4 _aالخلافة
650 0 4 _aالتاريخ
650 0 4 _aالدولة العباسية
650 0 4 _aالعثمانيون
650 0 4 _aالمماليك
650 0 4 _aالفتوحات
942 _2ddc
_cBK
999 _c29536
_d29536